000 00643nam a2200169 i 4500
001 47854
003 ES-MaACL
005 20230906161639.0
007 t|
008 030612s18251841fr ||||1| fre d
100 1 _aCreuzer, Fréderic.
_941579
245 1 0 _aReligions de l'antiquité considerées principalement dans leurs formes symboliques et mythologiques /
_couvrage traduit de l'allemand du Dr. Fréderic Creuzer ; refundu en partie, completé et developpé par J. D. Guigniaut.
260 _aParis :
_b[s.n.],
_c1825-1841 (
_fRignoux)
300 _a10 v. ;
_c21 cm.
700 1 _aGuigniaut, J. D.
_960666
852 _aES-MaACL
_jF-7139-48
999 _c47854
_d47854